[Event "HCL-C159"]
[Site "www.playchess.de"]
[Date "2001.02.14"]
[Round "8"]
[White "Winkler"]
[Black "dakini"]
[WhiteElo "1000"]
[BlackElo "1450"]
[PlyCount "79"]
[Result "1-0"]

1.e4 {Guten Morgen Dakini,Gruß Andreas}  c5 {Hallo 
Andreas, auf ein schönes Spiel. Viele Grüße  
Thomas}  2.Nf3 {Guten Morgen Thomas,ich komme aus 
Frankfurt/Oder und du.Gruß Andreas}  Nc6 {Aus 
Kassel!  Ist ja interessant, in Deiner Nähe wohnt 
noch eine schachspielbegeisterte Familie.}  3.d4 
{Hallo Thomas,du meinst bestimmt Daniela.Gruß 
Andreas}  cxd4 {Daniela und Volker! Genau. Woher 
kennst Du die beiden? Spielt ihr zusammen im 
Verein?}  4.Nxd4 {Hallo Thomas,Daniela und Volker 
spielen für Briesen und ich für 
Frankfurt/Oder.Gruß Andreas}  Nf6 {Na dann grüße 
die beiden/vier mal ganz lieb von mir!}  5.Nc3 {Ja 
mach ich doch gerne.Gruß Andreas}  e5 {Schönen 
Nachmittag !}  6.Ndb5 {ja ebenfalls.Gruß Andreas}  
Bb4 7.Nd6+ Bxd6 8.Qxd6 Qa5 {Das geht ja äußerst 
wild los hier.}  9.Bd2 {Ich bin doch harmlos.Gruß 
Andreas}  b5 {So festgefahren stand ich ja noch 
nie!}  10.Bxb5 Nd4 11.Bd3 Qd8 12.Nd5 Nxd5 13.Qxd5 
Bb7 14.Qxb7 Rb8 15.Qd5 Qe7 {So harmlos ist das gar 
nicht ...}  16.b3 O-O 17.O-O Rfc8 18.c4 Rc5 19.Bb4 
Rxb4 20.Qa8+ Qf8 21.Qxa7 Qc8 22.Qa3 Qb7 23.Qb2 Ra5 
24.Kh1 Nxb3 25.axb3 Rxb3 26.Qxb3 Qxb3 27.Rxa5 f6 
28.Rd5 Qb7 29.Rb1 Qa7 30.Kg1 g5 31.h3 Kg7 32.c5 h5 
33.Rb6 Qa1+ 34.Kh2 h4 {Guten Morgen nach 
Frankfurt! Du hast ja schön hier gespielt!}  
35.Rxd7+ {Guten Morgen Thomas,es war nicht 
einfach.Gruß Andreas}  Kg6 {Ich konnte wieder was 
dazulernen. Sollte es zu einem nächsten Mal kommen 
...  ;-)}  36.Rdd6 g4 37.hxg4 Qc1 38.Rdxf6+ Kg5 
39.Rfg6+ Kf4 40.Rbf6+ 1-0

[Event "HCL-B155"]
[Site "www.playchess.de"]
[Date "2001.02.14"]
[Round "14"]
[White "Bauernopfer"]
[Black "DepthCharge"]
[WhiteElo "1314"]
[BlackElo "1508"]
[PlyCount "65"]
[Result "1/2-1/2"]

1.e4 c5 2.Nf3 d6 3.Nc3 Bg4 4.h3 Bxf3 5.Qxf3 Nf6 
6.Bb5+ Nc6 7.Bxc6+ bxc6 8.e5 dxe5 9.Qxc6+ Nd7 
10.O-O e6 11.d3 Qc8 12.Qxc8+ Rxc8 13.Be3 Rb8 14.b3 
Be7 15.Rfe1 Bf6 16.Ne4 Be7 17.a4 f5 18.Nd2 f4 
19.Bxf4 exf4 20.Rxe6 Rb6 21.Re4 Rf8 22.Rae1 Rf7 
23.Nc4 Rg6 24.f3 Kf8 25.c3 Ke8 26.d4 Kd8 27.d5 Bf8 
28.R4e8+ Kc7 29.Ra8 Ra6 30.Ree8 Bd6 31.Nxd6 Rxd6 
32.Rxa7+ Kb6 33.Re6 1/2-1/2

[Event "HCL-B158"]
[Site "www.playchess.de"]
[Date "2001.02.14"]
[Round "7"]
[White "assmonkey"]
[Black "Bauernopfer"]
[WhiteElo "1200"]
[BlackElo "1320"]
[PlyCount "80"]
[Result "1/2-1/2"]

1.e4 {Viel Glück}  e5 {I see you can speak German. 
Dann ein gutes Spiel. Gruß}  2.Nf3 {I only know a 
few phrases in German.}  Nc6 {And where have you 
learn it. In Germany we learn it very early in 
school.}  3.Bb5 {My friend.  She studied Greman 
for many years.  I took Spanish in high school and 
college.}  Nge7 {Na dann auf ein schönes Spiel. 
Grüße aus Deutschland}  4.O-O a6 {.}  5.Bc4 d6 
6.Nc3 Bg4 7.d3 {When did you first start to learn 
English?}  f5 {In school (5th class). So I learnt 
it in school for 8 years.}  8.Bd5 {In America, you 
staring learning a foreign language in 9th grade 
(class) and study for about 4 years}  Nxd5 {That´s 
late. But in europe so many languages are spoken 
that you need foreign languages more often.}  
9.Nxd5 {Wish they would start teaching language 
earlier here.  I should have taken German instead 
of Spanish}  Ne7 {German is a very difficult 
language. For example the large and small 
letters.}  10.Bg5 {My grandfather is German (my 
last name is Keller) so I feel like I should have 
learned it instead.}  h6 {Yes, this is a reason. 
But it is never too late to learn it.}  11.Be3 {It 
is difficult to find the time.}  Nxd5 {Finally I 
can strike this noisy knight.}  12.exd5 Qf6 
{crashcurse: king=König, Queen=Dame, Pawn=Bauer, 
Bishop=Läufer, Knight=Springer, Rook=Turm ;)}  
13.h3 {Now I just have to learn to pronounce 
them.}  Bxf3 {Fine!}  14.Qxf3 O-O-O {.}  15.Rad1 
f4 16.Qg4+ Kb8 17.Bd2 g5 18.b4 Qg6 19.Rfe1 h5 
20.Qf3 g4 21.Qe4 Qg5 22.Kf1 gxh3 23.gxh3 Rg8 
24.Qh1 h4 25.f3 Be7 26.Re2 Qg3 27.Qg2 Qxg2+ 
28.Rxg2 Rxg2 29.Kxg2 Rg8+ 30.Kf2 Rg3 31.Rh1 Kc8 
32.Be1 Kd7 33.Ke2 Rg2+ 34.Bf2 Bf6 35.Rg1 Rh2 
36.Kf1 b6 37.Rg2 Rxg2 38.Kxg2 c5 39.Kf1 Kc7 40.c3 
cxb4 1/2-1/2

[Event "HCL-A073"]
[Site "www.playchess.de"]
[Date "2001.02.14"]
[Round "1"]
[White "teenspirit"]
[Black "peze"]
[WhiteElo "1755"]
[BlackElo "1966"]
[PlyCount "60"]
[Result "0-1"]

1.e4 {Hi again master}  e5 {Hello my friend. Good 
luck!}  2.d4 exd4 3.Nf3 Nc6 4.Bc4 Nf6 5.O-O Nxe4 
6.Re1 d5 7.Bxd5 {Well... in our other game I meant 
Qxc5... now Im pretty lost...}  Qxd5 8.Nc3 {Sorry 
around our last game... Such a pity, after Qxc5 
it's my analysis...}  Qa5 {Cheer up! ;-)}  9.Nxe4 
Be6 10.Bg5 {I dont know how to play it... I know 
it's theorical but dont know next one!}  h6 {Not 
the best! Better 10.Ld2 or Seg5}  11.Bh4 {It's a 
novelty!!! :p.}  g5 {:-))  Congratulations!}  
12.Bg3 O-O-O 13.a3 Be7 14.b4 Qb5 15.Nfd2 h5 16.f3 
h4 17.Bf2 Rhe8 18.Qc1 f5 19.c4 Qa4 20.Nc5 Bxc5 
21.bxc5 h3 22.gxh3 f4 23.Ne4 Bxc4 24.Nxg5 Rxe1+ 
25.Bxe1 Rf8 26.Bd2 Ne5 27.Qe1 {I feel really 
strange in this position...}  Rf5 {De1 ??  Now you 
fight a l}  28.Bxf4 Rxg5+ {De1 ?? Now you fight a 
losing battle!}  29.Kh1 {Well... that's why I felt 
strange I supose :)}  Nxf3 30.Qe7 
Qc6 0-1

[Event "HCL-B158"]
[Site "www.playchess.de"]
[Date "2001.02.14"]
[Round "17"]
[White "Gruhni"]
[Black "adamant"]
[WhiteElo "1377"]
[BlackElo "885"]
[PlyCount "52"]
[Result "0-1"]

1.e4 e5 2.Nf3 Nc6 3.Bc4 h6 4.Nc3 d6 5.d3 Be6 
6.Bxe6 fxe6 7.d4 exd4 8.Nxd4 Nxd4 9.Qxd4 Be7 
10.Qxg7 Bf6 11.Qg4 Qe7 12.Be3 Bg7 13.Qh5+ Kd7 
14.Qb5+ Kc8 15.Qb3 Nf6 16.Nb5 b6 17.Qa4 Kb7 
18.O-O-O Ng4 19.Rd3 Nxe3 20.Rxe3 Qf6 21.Rc3 Qf4+ 
22.Re3 Qxf2 23.Nxd6+ Kb8 24.Rhe1 Be5 25.Nc4 Bf4 
26.Qd7 Qxe1+ 0-1

[Event "HCL-A073"]
[Site "www.playchess.de"]
[Date "2001.02.14"]
[Round "5"]
[White "hominoid"]
[Black "peze"]
[WhiteElo "1426"]
[BlackElo "1966"]
[PlyCount "32"]
[Result "0-1"]

1.c4 e5 2.Nc3 Nf6 3.g3 Bb4 4.a3 Bxc3 5.b3 Bxa1 
6.Bg2 {oops, i made typo in the last move}  b6 {No 
error!! Compensation for your typo!}  7.d3 {thanks 
for the offer.}  Bc3+ 8.Kf1 d5 9.Nf3 c6 10.Qc2 Bd4 
11.b4 dxc4 12.dxc4 a5 13.b5 Ra7 14.e3 Ba1 15.Ke2 
e4 16.Ng5 Bg4+ 0-1

[Event "HCL-C170"]
[Site "www.playchess.de"]
[Date "2001.02.14"]
[Round "15"]
[White "Michael_Schenk"]
[Black "dakini"]
[WhiteElo "1163"]
[BlackElo "1432"]
[PlyCount "43"]
[Result "1-0"]

1.e4 {Hallo! Mal sehen, ob wir diesesmal etwas 
"sauberer" spielen ;-)}  e5 {Ich freue mich 
drauf!}  2.f4 exf4 3.Nf3 g5 4.Bc4 g4 5.O-O gxf3 
6.Qxf3 Bc5+ 7.Kh1 d6 8.Qxf4 f6 {Bist Du mit 
jemandem in der Nähe von Wien bekannt?}  9.Qg3 
{Mainst Du Otto Schenk ;-) Aber ernsthaft: Nein. 
Ich kenne niemanden dort.}  Ne7 {Hat diese 
Variante des Königsgambits einen eigenen Namen? 
Unglaublich stark fpr}  10.Rxf6 {Muzio-Gambit. Ist 
aka schon alt. Der "korrekter" Zug auf Dxf3 ist 
wohl Df6.}  Bd4 {Danke für die Info. Muß ich mir 
merken. Muziog. = Springeropfer für 
entwicklungsvorsprung?}  11.Bf7+ {Haupts. für den 
scharfen Angriff.. Der Entw.vorspr. ist so groß 
nicht.}  Kf8 {Spielst Du eigentlich im Verein?}  
12.Rf1 {Nein.  Vor Jahren Postschach, dann ewig 
nicht mehr. Jetzt wieder eMail(BdF), 
live(chess.net) u. hier}  Nd7 {Heißt das Du kannst 
bei chess.net eine Partie am Stück durchspielen?}  
13.d3 {Ja. Schau mal auf www.chess.net.}  Bf6 
{Danke für den Hinweis!}  14.Be6 {Spielst Du 
Vereinsmaessig?}  Ng8 {Nein. Das online 
schachspielen bietet halt die Möglichkeit,zeitunabhängig 
zu spielen und macht sücht}  15.d4 Nb6 16.Bb3 Ke8 
17.e5 Bh4 18.Bf7+ Kd7 19.e6+ Kc6 20.Qc3+ Kb5 
21.Na3+ Ka6 {Gratuliere!}  22.Qd3+ {Danke. Dann 
bis zum naechsten mal - Vielleicht mit einer 
anderen Eröffnung ;-)}  1-0

[Event "HCL-B166"]
[Site "www.playchess.de"]
[Date "2001.02.14"]
[Round "11"]
[White "adamant"]
[Black "Fabian"]
[WhiteElo "885"]
[BlackElo "1449"]
[PlyCount "37"]
[Result "1-0"]

1.c4 Nf6 2.Nc3 e6 3.d4 Bb4 4.Nf3 b6 5.e4 c5 6.d5 
Nxe4 7.Qc2 Bxc3+ 8.bxc3 Nf6 9.Bg5 Bb7 10.Rd1 d6 
11.Qe2 O-O 12.dxe6 Re8 13.exf7+ Kxf7 14.Be3 Ng4 
15.Ng5+ Qxg5 16.Bxg5 Rxe2+ 17.Bxe2 Nf6 18.O-O Ne8 
19.Rfe1 1-0

[Event "HCL-C177"]
[Site "www.playchess.de"]
[Date "2001.02.14"]
[Round "8"]
[White "dg"]
[Black "craigsadler"]
[WhiteElo "1115"]
[BlackElo "354"]
[PlyCount "75"]
[Result "1-0"]

1.e4 c6 2.Nf3 d5 3.d3 dxe4 4.dxe4 Qxd1+ 5.Kxd1 Bg4 
6.Be2 e6 7.Kd2 Bc5 8.Rf1 Nf6 9.Bd3 Bxf3 10.gxf3 
O-O 11.b3 Rd8 12.Bb2 Nbd7 13.Ke2 Ne5 14.Bxe5 Nd7 
15.Bb2 b5 16.Rg1 g6 17.h4 a5 18.Nd2 f5 19.exf5 
exf5 20.Bxf5 Kf7 21.Bxd7 Rxd7 22.Ne4 Bd6 23.Ng5+ 
Kf8 24.Ne6+ Ke7 25.Nd4 Be5 26.c3 Rc8 27.Rg5 Bxd4 
28.cxd4 b4 29.h5 Kf6 30.Rxa5 gxh5 31.Rxh5 Kg6 
32.Rah1 Rd5 33.R5xh7 Re8+ 34.Kd3 c5 35.R1h6+ Kg5 
36.R6h5+ Kf4 37.Rxd5 Kxf3 38.Rf7+ 1-0

[Event "HCL-B174"]
[Site "www.playchess.de"]
[Date "2001.02.14"]
[Round "4"]
[White "mladsir"]
[Black "Bauernopfer"]
[WhiteElo "821"]
[BlackElo "1325"]
[PlyCount "34"]
[Result "0-1"]

1.e4 {good luck!}  e5 {good luck, too}  2.Nf3 Nc6 
3.Bc4 Bc5 4.c3 Nf6 5.d4 exd4 6.cxd4 Bb6 7.d5 Nxe4 
8.O-O Ne7 9.Re1 Bxf2+ 10.Kf1 Bxe1 11.Qxe1 Nd6 
12.Bg5 Nxc4 13.Nc3 f6 14.Bxf6 gxf6 15.Qh4 Nf5 
16.Qh5+ Kf8 17.Qxf5 Ne3+ 0-1

[Event "HCL-A075"]
[Site "www.playchess.de"]
[Date "2001.02.14"]
[Round "36"]
[White "kondor"]
[Black "paule"]
[WhiteElo "1590"]
[BlackElo "1955"]
[PlyCount "48"]
[Result "0-1"]

1.e4 e6 2.d4 d5 3.Nc3 Bb4 4.Qg4 Nf6 5.Qxg7 Rg8 
6.Qh6 dxe4 7.Nge2 b6 8.Bg5 Nbd7 9.O-O-O Bb7 10.d5 
Bf8 11.Qh4 exd5 12.Rxd5 Bxd5 13.Nxd5 Be7 14.Nxf6+ 
Nxf6 15.Nc3 Ng4 16.Qxg4 Bxg5+ 17.Kb1 Kf8 18.Bc4 
Qd4 19.Bd5 Rd8 20.Qf5 Bf6 21.Bxe4 Rg5 22.Qf3 Rb5 
23.Rd1 Rxb2+ 24.Kc1 Rb1+ 0-1

[Event "HCL-B176"]
[Site "www.playchess.de"]
[Date "2001.02.14"]
[Round "14"]
[White "dakini"]
[Black "deephuman"]
[WhiteElo "1414"]
[BlackElo "1500"]
[PlyCount "30"]
[Result "0-1"]

1.e4 e5 {hi}  2.f4 exf4 3.Nf3 {Hi! Hope to play a 
good game this time ... Many greetings !}  Be7 
4.Bc4 Nf6 5.O-O Nxe4 6.Ne5 d5 7.Nxf7 Kxf7 8.Qh5+ 
Ke6 9.Qg4+ Kd6 10.Qxf4+ Kc6 11.Bb3 Rf8 12.Qe5 
Rxf1+ 13.Kxf1 Qf8+ 14.Kg1 Qf2+ 15.Kh1 
Qf1+ 0-1

[Event "HCL-C182"]
[Site "www.playchess.de"]
[Date "2001.02.14"]
[Round "6"]
[White "dg"]
[Black "dcarnes"]
[WhiteElo "1089"]
[BlackElo "1000"]
[PlyCount "45"]
[Result "1-0"]

1.e4 e5 2.Nf3 Nc6 3.Nc3 Bc5 4.Bc4 h6 5.d3 Nf6 6.b3 
d6 7.Bb2 O-O 8.Na4 a6 9.Nxc5 dxc5 10.Nxe5 Qd6 
11.Nxc6 Qxc6 12.Qf3 b5 13.Bxf6 bxc4 14.Bb2 cxd3 
15.cxd3 Qb5 16.O-O Be6 17.Qg3 g6 18.Qe5 f6 
19.Qxe6+ Rf7 20.Bxf6 Qb6 21.Qxb6 cxb6 22.e5 Rd8 
23.Bxd8 1-0

[Event "HCL-B164"]
[Site "www.playchess.de"]
[Date "2001.02.14"]
[Round "10"]
[White "Gruhni"]
[Black "Killer"]
[WhiteElo "1369"]
[BlackElo "1500"]
[PlyCount "24"]
[Result "1/2-1/2"]

1.e4 {Hi Killer! I hope I'll survive this game :)} 
 c5 {i think you can}  2.Nf3 Nc6 3.c3 Qa5 4.d3 e6 
5.Be2 Nf6 6.Bg5 Be7 7.O-O d5 {it is draw!}  8.e5 
{Maybe!}  Nd7 9.Bxe7 {Yes, but you must make 10 
moves for a valid game!}  Nxe7 10.d4 {Yes, and 
after your next move I would accept it!}  cxd4 
11.cxd4 O-O 12.Qd2 Qb6 1/2-1/2

[Event "HCL-B184"]
[Site "www.playchess.de"]
[Date "2001.02.14"]
[Round "1"]
[White "Bauernopfer"]
[Black "Gruhni"]
[WhiteElo "1307"]
[BlackElo "1320"]
[PlyCount "63"]
[Result "1/2-1/2"]

1.e4 {Nein, nicht schon wieder. (Wenige Züge, da 
Chef im Büro)}  e5 {Habe gegen Sarek verloren, 
wodurch meine Rating-Zahl ganz schön gelitten 
hat.}  2.Nf3 {Ich kämpfe zur Zeit auch mit der 
1300 Marke}  Nc6 {Übrigens: 4-4, HCL: 3,5-2,5, 
ACL: 0,5-1,5 :-)}  3.d4 {Nach diesem Spiel: 5-4 
für mich ;)}  exd4 {Ich führe auch jetzt die 
Statistik der meisten Spiele an!}  4.Nxd4 {Und 
bleibst dort für alle Ewigkeiten.}  Qf6 
{Wenigstens eine Statistik, die ich anführe!}  
5.Nxc6 {;)}  Qxc6 {sehr ungewöhnliche Stellung!}  
6.Bd3 {Apropos Rekorde: Habe zur Zeit 35 Partien 
laufen!!!}  Bc5 {Ich über 40, also eher ein 
persönlicher Rekord ;)}  7.O-O {Habe mich auch 
gerade in ein neues Turnier eingetragen. Wie 
wärs?}  d6 {Mal sehen!}  8.Nc3 {Es ist das 5er 
Turnier}  Qd7 {Meine Dame kriegst du (noch) nicht 
;)}  9.Re1 {Aber ich war doch gar nicht auf 
Damenjagd}  Ne7 {Ja, ja!}  10.Be3 {Kommst du 
überhaupt noch zum Arbeiten? Arbeiten? Was ist 
Arbeit?}  Bxe3 {Eigentlich.... Nein!}  11.Rxe3 
{Hatte ich mir gedacht. :-) So letzter Zug heute.} 
 c6 12.e5 {Morgen! Die 9er Gruppe könnte für uns 
interessant werden. Keine Hämmer}  O-O {IQ160 ist 
der klare Favorit. Gegen den habe ich schon 
zweimal derb abgeloost!}  13.exd6 {Noch ist sogar 
noch ein Platz frei. Aber alles ist möglich. Du 
bist mein Favorit!}  Ng6 {Aber nicht in diesem 
Spiel!}  14.Bxg6 {Werde jetzt abwechseln 5 Züge in 
dieser Partie und dann 5 in der anderen Spielen.}  
fxg6 {JAG är morgonpigg och vaknar alltid kvart i 
fem :)}  15.Re7 {Das soll heißen?}  Qf5 {Keine 
Ahnung, ist schwedisch. Hoffentlich nichts 
beleidigendes :)}  16.d7 {Gleich hab ich eine 
weitere Dame.}  Bxd7 {Und von was träumst du 
nachts? :)}  17.Rxd7 {Ein Läufer ist auch nicht 
schlecht. Jetzt gehts zur anderen Partie.}  Qxf2+ 
18.Kh1 {Jetzt weiß ich auch, wie du auf den 
schwedischen Satz gekommen bist.}  Rf7 {Tja! 
Einfallsreich muß man sein. In den nächsten Tag 
wird mein Rating auch weit unter 1300 sinken!}  
19.Ne4 {.}  Qf5 20.Rxf7 Qxf7 {1291}  21.Nd6 {Da 
habe ich das erste Mal mehr als du. Eine Woche 
voller Rekorde.}  Qe7 {Tja! Bald noch niedriger!}  
22.Qd3 {Damit ist für dich ja dann das Turnier 
beendet. (Wechsel)}  Rf8 {Naja, ganz so schlimm 
ist es nicht :)}  23.Rd1 {Du wirst 6ter von 7.}  
Qf6 {Immerhin nicht letzter und Abstieg :)}  
24.Qb3+ Kh8 25.g3 h6 {So! Mahlzeit und Pause bis 
13 Uhr!}  26.Nxb7 Rb8 27.Re1 Qf2 {Du erkennst 
einfach alle meine Fallen. Das ist langweilig ;)}  
28.Rb1 {Diesen dummen Bauern hätte ich trotzdem 
nicht nehmen dürfen.}  Qf6 {Stimmt, das war nicht 
optimial!}  29.h3 {Ich spiel jetzt erst mal hier 
weiter, bei der anderen komm ich nicht weiter.}  
Qe7 {Tu das!}  30.Qc3 {Ich will zu meiner MAMI :(} 
 Qxb7 {Remis?!}  31.b3 {NEIN!! VERDAMMT NOCH 
EINMAL!!!!!!}  Rf8 {Ok, dann muss ich dich halt 
schlagen ;)}  32.Qd2 1/2-1/2

[Event "HCL-B030"]
[Site "www.playchess.de"]
[Date "2001.02.14"]
[Round "6"]
[White "mike0072000"]
[Black "pawnd4"]
[WhiteElo "1500"]
[BlackElo "1200"]
[PlyCount "47"]
[Result "1/2-1/2"]

1.e4 c5 2.Nf3 Nc6 3.d4 cxd4 4.Nxd4 e5 5.Nb5 a6 
6.Nd6+ Bxd6 7.Qxd6 Qf6 8.Qxf6 Nxf6 9.Nc3 d5 
10.exd5 Nb4 11.Bd3 O-O 12.Bg5 e4 13.Nxe4 Nxe4 
14.Bxe4 Re8 15.O-O-O Rxe4 16.a3 Rg4 17.Be3 Nxc2 
18.Kxc2 Bf5+ 19.Kb3 Rc8 20.Ka2 Rxg2 21.d6 Bd7 
22.Rdc1 Rd8 23.Rcd1 Rc8 24.Rdc1 1/2-1/2

[Event "HCL-B030"]
[Site "www.playchess.de"]
[Date "2001.02.14"]
[Round "9"]
[White "JABBERWOCKY"]
[Black "mike0072000"]
[WhiteElo "1500"]
[BlackElo "1500"]
[PlyCount "57"]
[Result "1-0"]

1.d4 Nf6 2.Nf3 d5 3.Nc3 Bf5 4.e3 e6 5.Bd3 Bxd3 
6.Qxd3 c6 7.O-O Nbd7 8.e4 Nxe4 9.Nxe4 dxe4 10.Qxe4 
Nf6 11.Qe5 Be7 12.Re1 O-O 13.a3 Qd5 14.Qc7 Qd7 
15.Qg3 Bd6 16.Ne5 Bxe5 17.dxe5 Nd5 18.Bh6 f5 19.c4 
Nb6 20.b3 Kh8 21.Bf4 Rad8 22.Bg5 Rde8 23.Rad1 Qc7 
24.Rd6 c5 25.Red1 Kg8 26.a4 a5 27.Bf6 f4 28.Qg4 
Rf7 29.Bd8 1-0

[Event "HCL-B030"]
[Site "www.playchess.de"]
[Date "2001.02.14"]
[Round "10"]
[White "pawnd4"]
[Black "JABBERWOCKY"]
[WhiteElo "1200"]
[BlackElo "1500"]
[PlyCount "33"]
[Result "1-0"]

1.d4 d5 2.c4 e6 3.Nc3 dxc4 4.e3 Nf6 5.Nf3 Bb4 
6.Bxc4 Ne4 7.Qc2 Nd6 8.Bd3 g6 9.O-O Bd7 10.e4 c5 
11.dxc5 Bxc5 12.Nd5 b6 13.Qc3 f6 14.Nxf6+ Kf7 
15.Ng5+ Ke7 16.Nd5+ exd5 17.Qg7+ 1-0

[Event "HCL-B030"]
[Site "www.playchess.de"]
[Date "2001.02.14"]
[Round "18"]
[White "King_Safety"]
[Black "mike0072000"]
[WhiteElo "1500"]
[BlackElo "1500"]
[PlyCount "84"]
[Result "0-1"]

1.d4 Nf6 2.Nf3 b5 3.Bf4 g6 4.e3 a6 5.c4 bxc4 
6.Bxc4 d5 7.Bb3 Bg7 8.Nc3 Bb7 9.O-O c6 10.Re1 Nbd7 
11.h3 O-O 12.Ne5 Nh5 13.Nxd7 Qxd7 14.Bh2 Rfe8 
15.Na4 Ra7 16.Nc5 Qc8 17.Qg4 f5 18.Qe2 Nf6 19.Rac1 
Ne4 20.Rc2 Nxc5 21.Rec1 Nxb3 22.axb3 e5 23.dxe5 
Bxe5 24.b4 Bxh2+ 25.Kxh2 Qe6 26.Qd2 Raa8 27.R2c5 
Re7 28.R1c3 Rc8 29.g3 Rcc7 30.Qc1 Qd6 31.Qd2 Re4 
32.Ra3 g5 33.f3 Re6 34.Rd3 f4 35.e4 fxg3+ 36.Kg2 
Rf7 37.Qxg5+ Rg6 38.Qe3 Qe5 39.exd5 Qxe3 40.Rxe3 
cxd5 41.Re8+ Kg7 42.Rb8 d4 0-1

[Event "HCL-B030"]
[Site "www.playchess.de"]
[Date "2001.02.14"]
[Round "19"]
[White "pawnd4"]
[Black "King_Safety"]
[WhiteElo "1200"]
[BlackElo "1500"]
[PlyCount "53"]
[Result "1-0"]

1.d4 d5 2.c4 c6 3.Nf3 Nf6 4.Nc3 e6 5.e3 Nbd7 6.Bd3 
dxc4 7.Bxc4 Nb6 8.Bd3 Bd7 9.O-O Qc7 10.e4 Be7 
11.Qc2 O-O-O 12.Ne2 c5 13.Bf4 Bd6 14.Bxd6 Qxd6 
15.dxc5 Qc7 16.cxb6 Qxc2 17.Bxc2 axb6 18.Rfd1 Bc6 
19.Ng5 Rhf8 20.e5 Ng4 21.Rxd8+ Rxd8 22.Nxf7 Rd2 
23.Bd1 Rxb2 24.h3 Be8 25.Nd6+ Kd8 26.hxg4 Bg6 
27.Nf4 1-0

[Event "HCL-B030"]
[Site "www.playchess.de"]
[Date "2001.02.14"]
[Round "20"]
[White "King_Safety"]
[Black "JABBERWOCKY"]
[WhiteElo "1500"]
[BlackElo "1500"]
[PlyCount "78"]
[Result "1/2-1/2"]

1.d4 d5 2.Nf3 e6 3.Bf4 Bd6 4.Bg3 Bxg3 5.hxg3 Nc6 
6.e3 Nge7 7.Nbd2 a6 8.Bd3 Qd6 9.c3 Bd7 10.Qc2 e5 
11.dxe5 Nxe5 12.Nxe5 Qxe5 13.Nf3 Qf6 14.Bxh7 Bf5 
15.Qa4+ c6 16.Qh4 Qxh4 17.Rxh4 Bxh7 18.Ng5 f6 
19.Nxh7 Ng6 20.Rh1 Kf7 21.O-O-O Kg8 22.Nxf6+ gxf6 
23.Rh3 Rxh3 24.gxh3 Ne5 25.Kc2 Nc4 26.Rd4 Kf7 
27.h4 Ne5 28.b3 b5 29.a4 Nf3 30.Rf4 Ne1+ 31.Kd2 
Ng2 32.Rd4 Rb8 33.a5 Ke6 34.Ke2 c5 35.Rd2 b4 
36.cxb4 Rxb4 37.Kf1 Nxh4 38.gxh4 Rxh4 39.f4 
f5 1/2-1/2

[Event "HCL-B030"]
[Site "www.playchess.de"]
[Date "2001.02.14"]
[Round "24"]
[White "mike0072000"]
[Black "henry"]
[WhiteElo "1500"]
[BlackElo "1200"]
[PlyCount "73"]
[Result "1-0"]

1.c4 Nc6 2.Nc3 d6 3.d4 Bf5 4.e4 Bg6 5.Nf3 Nf6 
6.Bd3 Qd7 7.O-O Bh5 8.Be2 g6 9.Be3 Bxf3 10.Bxf3 h5 
11.Re1 Ng4 12.Nd5 Nxe3 13.fxe3 Bg7 14.Rc1 e6 
15.Nc3 O-O-O 16.Qa4 a6 17.b4 Nxd4 18.Qxd7+ Kxd7 
19.exd4 Bxd4+ 20.Kf1 g5 21.h3 Be5 22.Red1 Kc8 
23.Rd3 g4 24.Bd1 gxh3 25.Rxh3 Rdg8 26.Bxh5 Rg3 
27.Rxg3 Bxg3 28.Ne2 Be5 29.g4 f5 30.exf5 exf5 
31.Kf2 f4 32.Kf3 b6 33.c5 b5 34.cxd6 Bxd6 35.a3 
Rxh5 36.gxh5 Kb7 37.Nxf4 1-0

[Event "HCL-B030"]
[Site "www.playchess.de"]
[Date "2001.02.14"]
[Round "25"]
[White "henry"]
[Black "pawnd4"]
[WhiteElo "1200"]
[BlackElo "1200"]
[PlyCount "44"]
[Result "0-1"]

1.Nc3 Nf6 2.e4 e5 3.Nf3 Nc6 4.Bc4 Nxe4 5.Nxe4 d5 
6.Bd3 dxe4 7.Bxe4 Bd6 8.c3 O-O 9.d3 Ne7 10.Bxh7+ 
Kxh7 11.Ng5+ Kg8 12.Qh5 Bf5 13.O-O Bxd3 14.Be3 Qd7 
15.Rad1 Qf5 16.g4 Be2 17.f3 Qg6 18.Kf2 Qxh5 
19.gxh5 Bxd1 20.Rxd1 Nf5 21.Bc1 Bc5+ 22.Kf1 
Ne3+ 0-1

[Event "HCL-B030"]
[Site "www.playchess.de"]
[Date "2001.02.14"]
[Round "26"]
[White "JABBERWOCKY"]
[Black "henry"]
[WhiteElo "1500"]
[BlackElo "1200"]
[PlyCount "58"]
[Result "0-1"]

1.f4 Nf6 2.d4 d5 3.Nc3 Bf5 4.Nf3 Ne4 5.Nxe4 Bxe4 
6.e3 e6 7.Bd3 f6 8.O-O h6 9.c3 Bd6 10.Nh4 h5 
11.Bxe4 dxe4 12.Qb3 Qd7 13.Qxb7 O-O 14.Qxe4 Nc6 
15.Ng6 f5 16.Qf3 Ne7 17.Nxf8 Rxf8 18.Qxh5 Rf6 
19.Rf3 Rh6 20.Qg5 Ng6 21.Rf1 Qe8 22.Qg3 Be7 23.Qf3 
Nh4 24.Qb7 Qh5 25.Qxc7 Nxg2 26.h3 Rg6 27.Kh2 Qe2 
28.Rg1 Ne1+ 29.Kh1 Rxg1+ 0-1

[Event "HCL-B030"]
[Site "www.playchess.de"]
[Date "2001.02.14"]
[Round "28"]
[White "King_Safety"]
[Black "henry"]
[WhiteElo "1500"]
[BlackElo "1200"]
[PlyCount "29"]
[Result "1-0"]

1.d4 d5 2.Nf3 Nc6 3.Bf4 e6 4.e3 Qe7 5.c3 h6 6.Bd3 
g5 7.Bg3 Bg7 8.Nbd2 Nf6 9.O-O Nh5 10.Be5 f6 
11.Bg6+ Kf8 12.Bxc7 Qxc7 13.Bxh5 Bd7 14.Ne5 f5 
15.Ng6+ 1-0

[Event "HCL-B030"]
[Site "www.playchess.de"]
[Date "2001.02.14"]
[Round "32"]
[White "pawnd4"]
[Black "Gabriele"]
[WhiteElo "1200"]
[BlackElo "1500"]
[PlyCount "43"]
[Result "1-0"]

1.d4 Nf6 2.c4 c5 3.d5 b5 4.cxb5 a6 5.bxa6 Bxa6 
6.g3 d6 7.Bg2 g6 8.b3 Bg7 9.Bb2 Nbd7 10.Nc3 O-O 
11.Nh3 Nb6 12.O-O Qd7 13.Qd2 Ra7 14.Nf4 Rfa8 
15.Rfd1 Qc7 16.e3 c4 17.b4 Ng4 18.a4 Ne5 19.a5 
Nbd7 20.b5 Bb7 21.b6 Nxb6 22.Nb5 1-0

[Event "HCL-B030"]
[Site "www.playchess.de"]
[Date "2001.02.14"]
[Round "33"]
[White "Gabriele"]
[Black "JABBERWOCKY"]
[WhiteElo "1500"]
[BlackElo "1500"]
[PlyCount "31"]
[Result "1-0"]

1.b4 f5 2.Bb2 d6 3.c4 f4 4.e3 fxe3 5.dxe3 e5 6.Nf3 
Nf6 7.Be2 Nbd7 8.O-O Nb6 9.Nbd2 Bg4 10.b5 e4 
11.Bxf6 Qxf6 12.Nxe4 Qg6 13.Ng3 O-O-O 14.Nh4 Bxe2 
15.Nxg6 Bd3 16.Qxd3 1-0